| 000 | 00704cam-a2200229-a-4500 | ||
|---|---|---|---|
| 003 | OSt | ||
| 005 | 20260601193848.0 | ||
| 008 | 260505b |||||||| |||| 00| 0 eng d | ||
| 040 |
_aICI _bSPA _cICI |
||
| 041 | _aeng | ||
| 050 |
_aNC970 _bH87 1971 |
||
| 100 | 1 |
_aHurlburt, Allen, _eautor _99535 |
|
| 245 | 1 |
_aPublication design : _ba guide to page layout, typography, format and style / _cAllen Hurlburt |
|
| 264 |
_aNew York : _bVan Nostrand Reinhold, _c1971 |
||
| 300 |
_a138 p. : _bil., fotos ; _c24 cm |
||
| 336 |
_atexto _2rdacontent |
||
| 337 |
_asin medio _2rdamedia |
||
| 338 |
_avolumen _2rdacarrier |
||
| 650 |
_aPosters _xDiseño _931721 |
||
| 650 |
_aLibros _xDiseño _931722 |
||
| 942 |
_2lcc _cB _n1 |
||
| 999 |
_c21714 _d21714 |
||